| 000 | 00879nam a2200265 a 4500 | ||
|---|---|---|---|
| 001 | BRCA_7615 | ||
| 005 | 20190320205919.0 | ||
| 008 | 080713s1947----enka######---#000-0#eng-# | ||
| 041 | _aeng | ||
| 044 | _aenk | ||
| 050 | 4 |
_aNK4709 _b.C67 1947 |
|
| 245 | 1 | 0 |
_aCostume illustration _bthe nineteenth century _cVictoria and Albert Museum ; introduction by James Laver. |
| 260 |
_aLondres _bH. M. Stationery Office _c1947 |
||
| 300 |
_a8 p. _bil., 100 láminas _c24 cm. |
||
| 440 | 0 |
_aLarge Picture Book _v2 _918780 |
|
| 500 | _aIncluye listado de ilustraciones | ||
| 500 | _aT20 | ||
| 650 | 1 | 4 |
_aTrajes _vvestimenta _zInglaterra _918781 |
| 650 | 1 | 4 |
_aIndumentaria _vCatálogos _zFrancia _918782 |
| 650 | 1 | 4 |
_aGalerías y museos _zInglaterra _918783 |
| 700 | 1 |
_aLaver, James _eintr. _918784 |
|
| 710 | 2 |
_aVictoria and Albert Museum (Londres) _918785 |
|
| 902 | _aGFM | ||
| 942 |
_2lcc _cB |
||
| 999 |
_c7289 _d7289 |
||